|
|
|
|
| LEADER |
01050nam a2200241 u 4500 |
| 001 |
10117972 |
| 003 |
upatras |
| 005 |
20210117205615.0 |
| 008 |
151016s2010 gr gre |
| 020 |
|
|
|a 9789963685745
|
| 040 |
|
|
|a GR-PaULI
|c GR-PaULI
|
| 041 |
0 |
|
|a gre
|
| 082 |
0 |
4 |
|a 889.14
|
| 100 |
1 |
|
|9 146911
|a Περατικού Κοκαράκη, Μαρία,
|d 1953-
|4 aut
|
| 245 |
1 |
0 |
|a "Ιδιόμελα"
|b 2004-2010
|c Μαρία Περατικού
|
| 260 |
|
|
|a Λευκωσία
|b Κώστας Επιφανίου
|c 2010
|
| 300 |
|
|
|a 71 σ.
|c 21 εκ.
|
| 500 |
|
|
|a Ως συνέχεια της προηγούμενης ποιητικής συλλογής "Αυτόμελα"
|
| 852 |
|
|
|a GR-PaULI
|b ΠΑΤΡΑ
|b ΒΚΠ
|b ΔΩΡ
|k ΑΣΧΕ
|h 889.14 ΠΕΡ
|m 130424
|p 025000248434
|t 1
|g ΒΑΛ
|
| 942 |
|
|
|2 ddc
|c BK15
|
| 952 |
|
|
|0 0
|1 0
|2 ddc
|4 0
|6 889_140000000000000_ΠΕΡ
|7 0
|8 FIC
|9 185469
|a LISP
|b LISP
|c DON
|d 2016-04-24
|e ΒΑΛ
|i 130424
|l 0
|o 889.14 ΠΕΡ
|p 025000248434
|r 2016-04-24 00:00:00
|t 1
|w 2016-04-24
|y BK15
|
| 998 |
|
|
|c ΣΑΤΛΑΝΗΣ
|d 2015-10
|
| 999 |
|
|
|c 114269
|d 114269
|